000 01011pam a2200277 a 4500
001 4850907
003 NUST - PNEC
005 20170116181121.0
008 910313s1992 nyua 001 0 eng
010 _a 91014092
020 _a0675204739
040 _aDLC
_cLIBRARY
_dDLC
082 0 0 _a621.382 SCH
100 1 _aSchoenbeck, Robert J.
245 1 0 _aElectronic communications : modulation and transmission
_cRobert J. Schoenbeck.
250 _a-
260 _aNew York :
_bMerrill ;
_aToronto :
_bMaxwell Macmillan Canada ;
_aNew York :
_bMaxwell Macmillan International,
_cc.1988.
300 _bill. ;
_c24 cm.
440 0 _aMerrill's international series in engineering technology
500 _aIncludes index.
650 0 _aTelecommunication.
_xEL, MS COMM.
650 0 _aModulation (Electronics)
906 _a7
_bcbc
_corignew
_d1
_eocip
_f19
_gy-gencatlg
942 _2ddc
_cBK
999 _c69576
_d69576